000 01017nam a22002177a 4500
003 NALT
005 20230614092536.0
008 230607b th ||||| |||| 00| 0 tha d
040 _aNALT
090 _aKB 12
_bส145ค 2555
110 2 _915349
_aสำนักงานศาลยุติธรรม.
_bสำนักพัฒนาระบบงาน
245 1 0 _aคำพิพากษาศาลฎีกา พ.ศ. 2555 เล่มที่ 11-12 /
_cสำนักพัฒนาระบบงาน สำนักงานศาลยุติธรรม.
260 _aกรุงเทพฯ :
_bสำนักงานศาลยุติธรรม,
_cม.ป.ป.
300 _a1 เล่ม ;
_c26 ซม.
650 4 _912121
_aคำพิพากษาศาล
850 _aNALT
942 _cLB
_2local
996 _achunbijaya.r
_bCATSTF
_c2023-06-07
996 _aareerat.v
_bCATSTF
_c2023-06-07
999 _c102283
_d102283
998 _j104
_k นางสาวสายฝน ดีงาม